000
00214 a2200097 4500
001
25505
100
_a
Benson, S W
245
_a
Thermochemical kinettics
260
_a
_b
John Wiley & sons
_c
090
_c
17229
_d
17229
942
_a
NUST-CAE
_c
M
_c
8035
999
_c
260578
_d
260578